00000000nam##2200000za#4500
0019.700503
003CaOODSP
00520210927150516
007cr |||||||||||
008150407|1998||||xxc|||||o    f|0| 0 eng|d
040 |aCaOODSP|beng
043 |an-cn---
0861 |aR32-191/1-1998E-PDF
1101 |aCanada. |bIndian and Northern Affairs Canada.
24510|aSelkirk First Nation Final Agreement, among the Government of Canada, and the Selkirk First Nation, and the Government of the Yukon |h[electronic resource]
260 |aOttawa - Ontario : |bIndian and Northern Affairs |c[1998].
300 |a474p.
590 |a15-05-Supp|b2015-03-31
69007|aIndigenous rights|2gcpds
77508|tEntente définitive de la Première nation de Selkirk conclue par le gouvernement du Canada, la Première nation de Selkirk, et le gouvernement de Yukon |w(CaOODSP)9.644388
85640|ahttp://publications.gc.ca|qPDF|s578 KB|uhttps://publications.gc.ca/collections/collection_2015/aadnc-aandc/R32-191-1-1998-eng.pdf